Indian philosophy and religion : (Record no. 9923)

MARC details
000 -LEADER
fixed length control field 00690 a2200205 4500
010 ## - LIBRARY OF CONGRESS CONTROL NUMBER
LC control number ENG-89070
020 ## - INTERNATIONAL STANDARD BOOK NUMBER
International Standard Book Number 812460116X
Terms of availability 350.00
035 14 - SYSTEM CONTROL NUMBER
System control number EN-72603
037 1# - SOURCE OF ACQUISITION
Source of stock number/acquisition DBAD / PUB
082 14 - DEWEY DECIMAL CLASSIFICATION NUMBER
Classification number 181.4
090 ## - LOCALLY ASSIGNED LC-TYPE CALL NUMBER (OCLC); LOCAL CALL NUMBER (OCLC)
-- 10153
-- 10153
100 ## - MAIN ENTRY--PERSONAL NAME
Personal name Padhi, Bibhu
245 1# - TITLE STATEMENT
Title Indian philosophy and religion :
Statement of responsibility, etc by Bibhu Padhi [and] Minakshi Padhi
Remainder of title a reader's guide /
260 ## - PUBLICATION, DISTRIBUTION, ETC. (IMPRINT)
Place of publication, distribution, etc New Delhi
Name of publisher, distributor, etc D.K. Printworld
Date of publication, distribution, etc 2005
270 ## - ADDRESS
Electronic mail address dkprintworld@vsnl.net
300 ## - PHYSICAL DESCRIPTION
Extent x, 413p.
Dimensions 22 cm ( pbk)
500 ## - GENERAL NOTE
General note Includes bibliographical references and index
942 ## - ADDED ENTRY ELEMENTS (KOHA)
Institution code [OBSOLETE] dpl
Koha item type English Books
Call number prefix 181.4 / PAD
Holdings
Withdrawn status Lost status Source of classification or shelving scheme Damaged status Not for loan Collection code Home library Current library Source of acquisition Cost, normal purchase price Total Checkouts Full call number Barcode Date last seen Copy number Uniform Resource Identifier Cost, replacement price Price effective from Koha item type
    Dewey Decimal Classification   Not For Loan Non-fiction D.B.Act.Division D.B.Act.Division DBAD/PUB 350.00   181.4 PAD EN-72603 15/09/2008 1 10935 350.00 15/09/2008 English Books

© Delhi Public Library
Hit Counter
free hit counter